VOICE of Courage: selected speeches of Chief Obafemi Awolowo

Guardat en:
Dades bibliogràfiques
Format: Llibre
Idioma:anglès
Publicat: Olaiya Fagbamigbe Publishers, 1981
Etiquetes: Afegir etiqueta
Sense etiquetes, Sigues el primer a etiquetar aquest registre!

MARC

LEADER 00000nam a22000007a 4500
008 210408b ||||| |||| 00| 0 eng d
245 |a VOICE of Courage:   |b selected speeches of Chief Obafemi Awolowo  |c Obafemil Awolowo  |g xiii, 193p. 
260 |b Olaiya Fagbamigbe Publishers,   |c 1981  |h Akure, Nigeria:   |i 681033 - (vol. 2),   |i 681034   |l DT515.83 .A96V87  |m Nigeria – Politics and government – 1960- 
500 |a “It includes index”. 
942 |a lcc  |c BK  |e Adeniran F. A  |f 08/04/2021 
952 |0 0  |1 0  |2 lcc  |4 0  |6 DT051583 A96 V87  |7 0  |9 2079  |a HOL  |b HOL  |c AF  |d 2021-04-08  |l 0  |o DT515.83 .A96V87  |p 2021-5936  |r 2021-04-08 00:00:00  |w 2021-04-08  |y BK 
952 |0 0  |1 0  |2 lcc  |4 0  |6 DT051583 A96 V87  |7 0  |9 2080  |a HOL  |b HOL  |c AF  |d 2021-04-08  |l 0  |o DT515.83 .A96V87  |p 2021-5937  |r 2021-04-08 00:00:00  |w 2021-04-08  |y BK 
999 |c 1082  |d 1082